=LDR 00000nam 2200000 4500 =001 INLIS000000000021131 =005 20130612120023 =008 ***********************************ind** =035 ##$$a0010-061300000021131 =041 ##$$a ind =082 ##$$a 419.4 =090 ##$$a 419.4, SOK p =100 ##$$a Soken B.,I Gde Wayan =245 ##$$a Polisemi dalam bahasa Bali, I Gde Wayan Soken Bandana =260 ##$$a 2002 $b Jakarta =300 ##$$a xi, 127 hlm., illus, 17 cm =650 ##$$a Bahasa Bali-Semantik =850 ##$$a NBPNMAT =990 ##$$a 21195508/BPAP-NTB/2014